|
|
|
|
| LEADER |
00699nab a2200181 i 4500 |
| 001 |
acta1814 |
| 005 |
20210420155810.0 |
| 008 |
161015s2002 hu o 0|| fre d |
| 022 |
|
|
|a 0567-8099
|
| 040 |
|
|
|a SZTE Egyetemi Kiadványok Repozitórium
|b hun
|
| 041 |
|
|
|a fre
|
| 100 |
1 |
|
|a Kovács Katalin
|
| 245 |
1 |
3 |
|a Le principe de la hiérarchie des genres dans les Salons de Diderot
|h [elektronikus dokumentum] /
|c Kovács Katalin
|
| 260 |
|
|
|c 2002
|
| 300 |
|
|
|a 29-37
|
| 490 |
0 |
|
|a Acta Universitatis Szegediensis de Attila József Nominatae : acta romanica
|v 21
|
| 695 |
|
|
|a Denis Diderot, Művészetesztétika - francia
|
| 856 |
4 |
0 |
|u http://acta.bibl.u-szeged.hu/1814/1/romanica_021_029-037.pdf
|z Dokumentum-elérés
|